[Event "Chess.com SIG Bullet KO"]
[Site "Chess.com INT"]
[Date "2021.04.06"]
[Round "1.15"]
[White "Nakamura, Hikaru"]
[Black "Erigaisi, Arjun Kumar"]
[Result "1-0"]
[WhiteElo "2736"]
[BlackElo "2567"]
[PlyCount "89"]
[EventDate "2021.04.06"]
[EventType "k.o. (blitz)"]
[EventRounds "3"]
[EventCountry "USA"]
[SourceTitle "CBM 201 Extra"]
[Source "ChessBase"]
[SourceDate "2021.05.30"]
[SourceVersion "1"]
[SourceVersionDate "2021.05.30"]
[SourceQuality "1"]

1. b3 d5 2. Bb2 c6 3. Nf3 Nf6 4. e3 Bf5 5. d4 e6 ({RR} 5... h6 6. Bd3 Bxd3 7. Qxd3 e6 8. O-O Nbd7 9. Nbd2 Be7 10. c4 O-O 11. Rfd1 a5 12. e4 dxe4 13. Nxe4 Nxe4 14. Qxe4 Re8 15. Ne5 Nf6 16. Qf3 a4 17. h3 Qa5 18. Bc3 Qa6 19. g4 axb3 20. axb3 {Alonso,R (2130)-Zakirov,M (2295) chess.com INT 2025 ½-½ (46)}) 6. Bd3 Bd6 ({RR} 6... Nbd7 7. O-O Bd6 8. c4 O-O 9. Nc3 Re8 10. Qc2 Bxd3 11. Qxd3 Qa5 12. e4 dxe4 13. Nxe4 Nxe4 14. Qxe4 Rad8 15. a3 Qf5 16. Qe2 h6 17. Rfe1 Nf6 18. Rad1 b6 19. Rd3 Rd7 20. g3 Red8 21. Re3 {Nakamura,H (2736)-Erigaisi,A (2567) Chess.com INT 2021 1-0 (46)}) ({RR} 6... Ne4 7. O-O Nd7 8. c4 Bd6 9. Qc2 Bg6 10. Nbd2 f5 11. a4 Qe7 12. Ne5 O-O 13. Ndf3 Bh5 14. Be2 Rf6 15. Ne1 Bxe2 16. Qxe2 Rh6 17. N1d3 Qh4 18. h3 Ndf6 19. Nf4 Bxe5 20. dxe5 Nd7 21. g3 {Nakamura,H (2736)-Omariev,M (2304) Chess.com INT 2021 1-0 (54)}) 7. Nbd2 O-O $146 ({RR} 7... Bg6 8. O-O O-O 9. Ne5 Qc7 10. f4 Nbd7 11. Nxg6 hxg6 12. Nf3 Ng4 13. Qe1 Ndf6 14. Ne5 c5 15. Rf3 cxd4 16. exd4 Nh6 17. h3 Qb6 18. g4 Bxe5 19. fxe5 Nd7 20. Qf2 Rac8 21. Rf1 Qb4 22. Bc1 {Herath,N (1743)-Noori,S (1891) Gyor 2014 1-0 (31)}) 8. O-O Bxd3 9. cxd3 Nbd7 10. e4 Be7 11. Re1 h6 12. e5 Nh5 13. g3 Qa5 14. a3 Qb5 15. Qe2 a5 16. Rec1 Rfc8 17. Ne1 g6 18. Nf1 Ng7 19. Ne3 h5 20. Rcb1 Bg5 21. f4 Bh6 22. Bc1 Nf8 23. Nf3 Nh7 24. h3 Qb6 25. Ng2 Nf5 26. Qf2 Bf8 27. g4 hxg4 28. hxg4 Ne7 29. Be3 Bg7 30. Kh2 Nf8 31. Kg3 f6 32. Ngh4 Nd7 33. exf6 Bxf6 34. Ne5 Bxh4+ 35. Kxh4 Qc7 36. Rh1 Kg7 37. Kg3 Rh8 38. Nf3 Rag8 39. Ng5 Qd6 40. Qe2 Nf8 41. Bd2 Nc8 42. b4 a4 43. b5 cxb5 44. Bb4 Qd7 45. Qe5# 1-0

[Event "Titled Tuesday intern op 06th Apr"]
[Site "Chess.com INT"]
[Date "2021.04.06"]
[Round "3"]
[White "Chigaev, Maksim"]
[Black "Bellahcene, Bilel"]
[Result "1-0"]
[WhiteElo "2631"]
[BlackElo "2518"]
[PlyCount "87"]
[EventDate "2021.04.06"]
[EventType "swiss (blitz)"]
[EventRounds "11"]
[EventCountry "USA"]
[SourceTitle "CBM 201 Extra"]
[Source "ChessBase"]
[SourceDate "2021.05.30"]
[SourceVersion "1"]
[SourceVersionDate "2021.05.30"]
[SourceQuality "1"]

1. Nf3 Nf6 2. g3 d5 3. Bg2 c5 4. O-O Nc6 5. d3 e5 6. e4 d4 7. a4 Bd6 8. Na3 O-O ({RR} 8... Be6 9. Ng5 Bg4 10. f3 Bh5 11. h4 h6 12. Nh3 Nd7 13. Nf2 g5 14. hxg5 hxg5 15. Bh3 Qe7 16. Kg2 O-O-O 17. Bd2 Kb8 18. Qe2 Nf8 19. Rh1 Ne6 20. Bg4 Bg6 21. Bf5 Rdg8 22. Rxh8 Rxh8 23. Rh1 {Grischuk,A (2775)-Caruana,F (2819) Stavanger 2019 1-0 (48)}) 9. Nc4 ({RR} 9. Nh4 a6 10. Bg5 h6 11. Bd2 Be6 12. Nf5 Bxf5 13. exf5 Qd7 14. Qf3 Rab8 15. Nc4 Bc7 16. a5 Ne7 17. Rfe1 Qxf5 18. Nxe5 Qxf3 19. Bxf3 Rfe8 20. Nc4 Ned5 21. Kf1 Kf8 22. Reb1 Bd8 23. b4 Be7 {Rihterovic,M (2177)-Sanjay Narayanan P S (2169) Pozarevac SRB 2025 1-0 (35)}) 9... Bc7 10. Bd2 a6 $146 ({RR} 10... Be6 11. Na3 a6 12. Bg5 h6 13. Bc1 b5 14. c4 bxc4 15. Nxc4 Bxc4 16. dxc4 Rb8 17. Nh4 Na5 18. Nf5 Kh7 19. f4 Nxc4 20. fxe5 Bxe5 21. Qf3 d3 22. Bf4 Bxf4 23. Qxf4 Nxb2 24. Qh4 Ng8 25. Qf4 {Kuznetsov,V (1907)-Glotov,D (1909) Samara 2010 0-1 (38)}) 11. a5 Be6 12. b3 Nd7 13. Qe1 h6 14. Nh4 Bxc4 15. bxc4 b6 16. f4 b5 17. cxb5 axb5 18. a6 c4 19. Nf5 c3 20. Bc1 b4 21. Qe2 Nf6 22. h4 Kh7 23. h5 Ne7 24. Nh4 Neg8 25. a7 Qc8 26. fxe5 Bxe5 27. Nf5 Qc7 28. g4 Rxa7 29. Rb1 Rb7 30. g5 hxg5 31. Bxg5 Kh8 32. Nh4 Nh7 33. Bc1 Rb6 34. Rf5 Nh6 35. Rf1 Re8 36. Qf3 Rf6 37. Nf5 Nxf5 38. exf5 Bd6 39. Ra1 Qe7 40. Qg4 Rh6 41. Bxh6 gxh6 42. Rae1 Be5 43. f6 Qd6 44. Qg7# 1-0

[Event "Titled Tuesday intern op 06th Apr"]
[Site "Chess.com INT"]
[Date "2021.04.06"]
[Round "4"]
[White "Hjartarson, Johann"]
[Black "Kuzubov, Yuriy"]
[Result "1-0"]
[WhiteElo "2523"]
[BlackElo "2642"]
[PlyCount "91"]
[EventDate "2021.04.06"]
[EventType "swiss (blitz)"]
[EventRounds "11"]
[EventCountry "USA"]
[SourceTitle "CBM 201 Extra"]
[Source "ChessBase"]
[SourceDate "2021.05.30"]
[SourceVersion "1"]
[SourceVersionDate "2021.05.30"]
[SourceQuality "1"]

1. Nf3 d5 2. g3 Bg4 3. Bg2 Nd7 4. O-O c6 5. d3 e5 6. c4 ({RR} 6. h3 Bh5 7. c4 dxc4 8. dxc4 Ngf6 9. Nh4 Bc5 10. Nc3 O-O 11. Qc2 Re8 12. a3 a5 13. e3 Qc7 14. Rb1 Bf8 15. b4 axb4 16. axb4 Nb6 17. g4 Bg6 18. Nxg6 hxg6 19. g5 Nh7 20. Ne4 Be7 {Kramnik,V (2811)-Oparin,G (2604) Zuerich 2017 ½-½ (46)}) 6... dxc4 7. dxc4 Bb4 $146 ({RR} 7... Ngf6 8. Nc3 Be7 9. Qc2 O-O 10. b3 Re8 11. h3 Bh5 12. Nh4 Nc5 13. g4 Nfd7 14. Nf5 Bg6 15. Bb2 Bf8 16. Rad1 Qc7 17. Qd2 Nf6 18. Nh4 a5 19. Nxg6 hxg6 20. Qc2 Nh7 21. e3 Qe7 22. Ba3 {Markowski,T (2525)-Beliavsky,A (2645) Koszalin 1998 1-0 (94)}) ({RR} 7... Qc7 8. Nc3 Ngf6 9. h3 Be6 10. b3 h6 11. Qc2 a5 12. Bb2 Be7 13. Nh4 Nb6 14. Nf5 Bxf5 15. Qxf5 Nfd7 16. h4 g6 17. Qh3 Nf6 18. Ne4 Nbd7 19. f4 Nxe4 20. Bxe4 Bf6 21. Bxg6 fxg6 22. Qe6+ {Bakalchuk,J (2438)-Deutsch,E (2288) Israel ISR 2025 1-0}) 8. a3 Ba5 9. b4 Bc7 10. Bb2 Ngf6 11. Nc3 O-O 12. Qc2 Qe7 13. Nh4 g6 14. e4 Nh5 15. Nf3 Ng7 16. h3 Bxf3 17. Bxf3 Ne6 18. Ne2 a5 19. c5 h5 20. Bg2 h4 21. Bc3 axb4 22. axb4 b6 23. cxb6 Bxb6 24. Kh2 Rxa1 25. Bxa1 Rc8 26. Bc3 c5 27. bxc5 Bxc5 28. Qb2 Nef8 29. Ng1 Rb8 30. Qa2 Bd4 31. Bxd4 exd4 32. Nf3 hxg3+ 33. fxg3 d3 34. Qd5 Nc5 35. Ng5 Nfe6 36. Nxf7 Rf8 37. Nh6+ Kh7 38. Rxf8 Qxf8 39. Ng4 Qd8 40. Bf3 Qa5 41. Qe5 Qd2+ 42. Bg2 Qg5 43. Qd6 d2 44. e5 Nb3 45. Nf6+ Kh6 46. Qe7 1-0

[Event "Titled Tuesday intern op 06th Apr"]
[Site "Chess.com INT"]
[Date "2021.04.06"]
[Round "7"]
[White "Chigaev, Maksim"]
[Black "Moroni, Luca Jr"]
[Result "1-0"]
[WhiteElo "2631"]
[BlackElo "2557"]
[PlyCount "45"]
[EventDate "2021.04.06"]
[EventType "swiss (blitz)"]
[EventRounds "11"]
[EventCountry "USA"]
[SourceTitle "CBM 201 Extra"]
[Source "ChessBase"]
[SourceDate "2021.05.30"]
[SourceVersion "1"]
[SourceVersionDate "2021.05.30"]
[SourceQuality "1"]

1. Nf3 g6 2. g3 Bg7 3. Bg2 d6 4. O-O Bd7 5. c4 Qc8 6. d4 Nc6 7. Nc3 Bh3 8. Bxh3 $146 ({RR} 8. Be3 h5 9. Bxh3 Qxh3 10. Ng5 Qd7 11. h4 Nh6 12. d5 Ne5 13. Bd4 Nf5 14. Bxe5 Bxe5 15. Nf3 Bg7 16. e4 Nh6 17. Qc2 O-O 18. Rfe1 Ng4 19. Rad1 c6 20. Nh2 Rac8 21. Nxg4 Qxg4 22. Qe2 Qxe2 {Tabatabaei,M (2613)-Nihal,S (2620) chess.com INT 2021 0-1 (45)}) ({RR} 8. Qa4 Bd7 9. d5 Ne5 10. Qb3 h5 11. h4 Ng4 12. c5 dxc5 13. Bf4 N8f6 14. Nb5 Nxd5 15. Ng5 e6 16. Bxd5 Bxb5 17. Bxe6 fxe6 18. Qxb5+ c6 19. Qxc5 e5 20. Qc4 Qf5 21. e4 Qf6 22. Be3 O-O-O {Carlsen,M (2832)-Nakamura,H (2786) Chess.com INT 2018 1-0}) ({RR} 8. d5 Ne5 9. Nxe5 Bxe5 10. f4 Bxc3 11. bxc3 h5 12. Qd4 f6 13. e4 Bxg2 14. Kxg2 h4 15. f5 hxg3 16. hxg3 gxf5 17. exf5 Nh6 18. Rh1 Nf7 19. Rxh8+ Nxh8 20. Qg4 Kd7 21. Be3 Nf7 22. Bf4 Qg8 {Hiwale,R (2093)-Maksimovic,B (2505) chess.com INT 2025 0-1 (68)}) 8... Qxh3 9. d5 Ne5 10. Nxe5 Bxe5 11. Qb3 O-O-O 12. Nb5 Kb8 13. Be3 a6 14. Nxc7 Kxc7 15. Bb6+ Kc8 16. f4 Bg7 17. c5 Nf6 18. Rac1 Ng4 19. cxd6+ Kb8 20. Rf2 Nxf2 21. Rc7 Ka8 22. Bxf2 b5 23. Qe3 1-0

[Event "Titled Tuesday intern op 06th Apr"]
[Site "Chess.com INT"]
[Date "2021.04.06"]
[Round "9"]
[White "Nakamura, Hikaru"]
[Black "Artemiev, Vladislav"]
[Result "1-0"]
[WhiteElo "2736"]
[BlackElo "2709"]
[PlyCount "119"]
[EventDate "2021.04.06"]
[EventType "swiss (blitz)"]
[EventRounds "11"]
[EventCountry "USA"]
[SourceTitle "CBM 201 Extra"]
[Source "ChessBase"]
[SourceDate "2021.05.30"]
[SourceVersion "1"]
[SourceVersionDate "2021.05.30"]
[SourceQuality "1"]

1. Nf3 d5 2. b3 Bg4 3. Bb2 Nd7 4. d4 e6 5. Nbd2 Ngf6 6. e3 Bd6 7. Be2 ({RR} 7. h3 Bh5 8. c4 c6 9. Bd3 O-O 10. Qc2 Bg6 11. Bxg6 hxg6 12. O-O Qe7 13. e4 dxe4 14. Nxe4 Nxe4 15. Qxe4 Ba3 16. Bxa3 Qxa3 17. Qc2 Rfd8 18. Rad1 a5 19. Rfe1 Nf6 20. Re3 a4 21. Ne5 c5 {Nakamura,H (2736)-Bluebaum,M (2670) Chess.com INT 2021 1-0 (64)}) 7... O-O 8. O-O Qe7 $146 ({RR} 8... c6 9. Ne5 Bf5 10. f4 h6 11. Bf3 Ne4 12. Bxe4 Bxe4 13. Nxe4 dxe4 14. c4 f5 15. Kh1 Nxe5 16. fxe5 Be7 17. g4 g6 18. gxf5 gxf5 19. Rg1+ Kh7 20. Qe2 Qe8 21. Rg2 Rd8 22. Rag1 Qf7 23. Rd1 {Stankovic,I (2222)-Rajkovic,M (2320) Belgrade 2016 ½-½ (36)}) ({RR} 8... c6 9. h3 Bxf3 10. Bxf3 e5 11. dxe5 Bxe5 12. Qc1 Qb6 13. c4 Rfd8 14. Rd1 a5 15. Rb1 h6 16. Be2 Bxb2 17. Qxb2 a4 18. b4 a3 19. Qc3 Re8 20. Nf3 Ra4 21. Qb3 Rea8 22. Rdc1 Qd8 23. Qc2 {Askarov,B (2306)-Suyarov,M (2469) Almaty KAZ 2025 0-1 (41)}) 9. a3 c5 10. dxc5 Nxc5 11. c4 dxc4 12. Nxc4 Bc7 13. Nd4 Bxe2 14. Qxe2 a6 15. a4 e5 16. Nf3 e4 17. Nd4 Rfd8 18. Ba3 Rd5 19. Rac1 Qd7 20. Bxc5 Rxc5 21. Rfd1 Rd5 22. Nc2 Rd8 23. Rxd5 Nxd5 24. Nd4 b5 25. axb5 axb5 26. Nd2 Be5 27. Qxb5 h5 28. Qxd7 Rxd7 29. Nxe4 Bxd4 30. exd4 Nf4 31. Rd1 Rxd4 32. Rxd4 Ne2+ 33. Kf1 Nxd4 34. b4 Kf8 35. f3 Ke7 36. Kf2 Ke6 37. Nc3 Kd6 38. Kg3 g5 39. Ne4+ Ke5 40. Nxg5 Nf5+ 41. Kf2 f6 42. Ne4 Nd4 43. h4 Nf5 44. g3 Nd4 45. Nc3 Kd6 46. Ne2 Ne6 47. g4 Ng7 48. Ng3 hxg4 49. fxg4 Ke5 50. b5 Ne6 51. b6 Nc5 52. h5 Ke6 53. Nf5 Kf7 54. Nd6+ Kg7 55. b7 Nd7 56. Ke3 Kh6 57. Kf4 Kg7 58. Kf5 Kh7 59. Ke6 Nb8 60. Kxf6 1-0

[Event "Titled Tuesday intern op 06th Apr"]
[Site "Chess.com INT"]
[Date "2021.04.06"]
[Round "11"]
[White "Chigaev, Maksim"]
[Black "Najer, Evgeniy"]
[Result "1-0"]
[WhiteElo "2631"]
[BlackElo "2648"]
[PlyCount "79"]
[EventDate "2021.04.06"]
[EventType "swiss (blitz)"]
[EventRounds "11"]
[EventCountry "USA"]
[SourceTitle "CBM 201 Extra"]
[Source "ChessBase"]
[SourceDate "2021.05.30"]
[SourceVersion "1"]
[SourceVersionDate "2021.05.30"]
[SourceQuality "1"]

1. Nf3 d5 2. e3 c5 3. b3 Nc6 4. Bb2 f6 5. d4 cxd4 6. exd4 Bg4 7. Be2 e6 ({RR} 7... Qd7 8. O-O e6 9. Re1 O-O-O 10. Nbd2 Bd6 11. a3 Nge7 12. c4 Bf4 13. c5 h5 14. b4 a6 15. Qa4 Qc7 16. b5 axb5 17. Bxb5 g5 18. Bc3 Bf5 19. Nf1 h4 20. Qa8+ Kd7 21. Qa4 Ra8 22. Qd1 {Grischuk,A (2766)-Caruana,F (2822) Saint Louis 2018 0-1 (31)}) 8. Nbd2 ({RR} 8. c4 Bd6 9. Nc3 Nge7 10. h3 Bh5 11. Kf1 O-O 12. Rc1 Qd7 13. a3 Rad8 14. c5 Bb8 15. b4 e5 16. b5 Bxf3 17. Bxf3 Nxd4 18. a4 f5 19. Ba3 Qe6 20. c6 bxc6 21. bxc6 Ndxc6 22. Nxd5 Nxd5 {Theodorou,N (2611)-Szpar,M (2481) chess.com INT 2025 0-1 (46)}) 8... Bd6 9. Nf1 $146 ({RR} 9. O-O Nge7 10. c4 O-O 11. Re1 Rc8 12. a3 Re8 13. Rc1 Bh5 14. Nf1 a5 15. Ne3 Bf7 16. Bf1 Bb8 17. g3 a4 18. cxd5 Nxd5 19. b4 Nxe3 20. Rxe3 Ne7 21. Rxc8 Qxc8 22. Qxa4 Nd5 23. Re1 Rd8 {Gritsenko,N (2309)-Budrewicz,K (2289) Chess.com INT 2021 1-0 (48)}) 9... Qa5+ 10. c3 Nge7 11. Ne3 Bh5 12. O-O O-O 13. Re1 Rad8 14. h3 Kh8 15. Nf1 Bb8 16. a4 Bf7 17. Rc1 e5 18. dxe5 fxe5 19. Ng3 e4 20. Ng5 Bg8 21. Nh5 Qc7 22. f4 Rxf4 23. c4 d4 24. Bg4 Rff8 25. g3 Ne5 26. Rxe4 Nxg4 27. Qxg4 Nf5 28. Rf1 Nxg3 29. Rxf8 Rxf8 30. Qxg3 Qxg3+ 31. Nxg3 Bxg3 32. Bxd4 h6 33. Re7 Bf2+ 34. Bxf2 hxg5 35. Rxb7 Rf3 36. Kg2 Rd3 37. Bxa7 Kh7 38. a5 Kh6 39. Bf2 Be6 40. Rb6 1-0

[Event "Titled Tuesday intern op 13th Apr"]
[Site "Chess.com INT"]
[Date "2021.04.13"]
[Round "5"]
[White "Praggnanandhaa, Rameshbabu"]
[Black "Lagarde, Maxime"]
[Result "1-0"]
[WhiteElo "2608"]
[BlackElo "2638"]
[PlyCount "119"]
[EventDate "2021.04.13"]
[EventType "swiss (blitz)"]
[EventRounds "11"]
[EventCountry "USA"]
[SourceTitle "CBM 201 Extra"]
[Source "ChessBase"]
[SourceDate "2021.05.30"]
[SourceVersion "1"]
[SourceVersionDate "2021.05.30"]
[SourceQuality "1"]

1. Nf3 f5 2. d3 Nc6 3. d4 e6 4. c4 Nf6 5. d5 Bb4+ 6. Bd2 exd5 7. Bxb4 Nxb4 8. a3 Nc6 $146 ({RR} 8... Na6 9. cxd5 d6 10. b4 O-O 11. e3 Nb8 12. Ra2 a5 13. Rb2 axb4 14. axb4 Nbd7 15. Bc4 Nb6 16. Bb3 Bd7 17. Nc3 Ne4 18. Ne2 Qf6 19. Nfd4 Kh8 20. O-O c5 21. dxc6 bxc6 22. f3 Ng5 23. Rc2 {Karpov,A (2623)-Vaisser,A (2502) Platja d'Aro 2018 1-0 (35)}) 9. cxd5 Ne7 10. Nc3 d6 11. g3 O-O 12. Bg2 Ng6 13. O-O f4 14. Nd4 fxg3 15. hxg3 Ng4 16. Qd2 N6e5 17. b3 Qe8 18. f3 Nf6 19. e4 Qh5 20. Rae1 Bd7 21. f4 Nfg4 22. Bh1 Nf7 23. Bf3 Nfh6 24. Qg2 Rae8 25. Ncb5 Bxb5 26. Nxb5 Re7 27. Nd4 Qg6 28. Ne6 Rfe8 29. Rc1 c6 30. Rc3 cxd5 31. exd5 Qf6 32. Qd2 Qg6 33. Rfc1 Nf5 34. Qg2 Nge3 35. Qh3 h5 36. Kf2 Ng4+ 37. Bxg4 hxg4 38. Qg2 Rxe6 39. dxe6 Qxe6 40. Kg1 Ne3 41. Qxb7 Kh7 42. Qh1+ Kg8 43. Qh5 d5 44. Qxe8+ Qxe8 45. Rc8 Kf8 46. Rxe8+ Kxe8 47. Kf2 Nf5 48. Rc5 Ne7 49. Rc7 Nf5 50. Rxa7 d4 51. Ra5 g6 52. Re5+ Kd7 53. a4 Kc6 54. b4 d3 55. a5 Nxg3 56. b5+ Kd6 57. Re3 d2 58. Rd3+ Kc5 59. Kxg3 Kxb5 60. Rxd2 1-0

[Event "Titled Tuesday intern op 20th Apr"]
[Site "Chess.com INT"]
[Date "2021.04.20"]
[Round "6"]
[White "Nakamura, Hikaru"]
[Black "Bluebaum, Matthias"]
[Result "1-0"]
[WhiteElo "2736"]
[BlackElo "2670"]
[PlyCount "127"]
[EventDate "2021.04.20"]
[EventType "swiss (blitz)"]
[EventRounds "11"]
[EventCountry "USA"]
[SourceTitle "CBM 202 Extra"]
[Source "ChessBase"]
[SourceDate "2021.07.31"]
[SourceVersion "1"]
[SourceVersionDate "2021.06.30"]
[SourceQuality "1"]

1. Nf3 d5 2. b3 Bg4 3. Bb2 Nd7 4. d4 e6 5. Nbd2 Ngf6 6. e3 Bd6 7. h3 ({RR} 7. Be2 O-O 8. O-O Qe7 9. a3 c5 10. dxc5 Nxc5 11. c4 dxc4 12. Nxc4 Bc7 13. Nd4 Bxe2 14. Qxe2 a6 15. a4 e5 16. Nf3 e4 17. Nd4 Rfd8 18. Ba3 Rd5 19. Rac1 Qd7 20. Bxc5 Rxc5 21. Rfd1 Rd5 {Nakamura,H (2736)-Artemiev,V (2709) Chess.com INT 2021 1-0 (60)}) ({RR} 7. Be2 O-O 8. O-O c6 9. h3 Bxf3 10. Bxf3 e5 11. dxe5 Bxe5 12. Qc1 Qb6 13. c4 Rfd8 14. Rd1 a5 15. Rb1 h6 16. Be2 Bxb2 17. Qxb2 a4 18. b4 a3 19. Qc3 Re8 20. Nf3 Ra4 21. Qb3 Rea8 {Askarov,B (2306)-Suyarov,M (2469) Almaty KAZ 2025 0-1 (41)}) 7... Bh5 8. c4 $146 ({RR} 8. Be2 O-O 9. a3 c5 10. O-O cxd4 11. exd4 Rc8 12. c4 b6 13. Ne5 Bxe2 14. Qxe2 Qc7 15. Rac1 Qb7 16. f4 g6 17. Qf3 Rc7 18. Nxd7 Nxd7 19. cxd5 Qxd5 20. Ne4 Rfc8 21. Rxc7 Rxc7 22. Nxd6 Qxd6 {Ijzermans,C (2115)-Jonkman,H (2384) Rotterdam 2022 0-1 (40)}) 8... c6 9. Bd3 O-O 10. Qc2 Bg6 11. Bxg6 hxg6 12. O-O Qe7 13. e4 dxe4 14. Nxe4 Nxe4 15. Qxe4 Ba3 16. Bxa3 Qxa3 17. Qc2 Rfd8 18. Rad1 a5 19. Rfe1 Nf6 20. Re3 a4 21. Ne5 c5 22. b4 Qxb4 23. Rb1 Qa5 24. d5 Qc7 25. dxe6 fxe6 26. Nxg6 Ra6 27. Rbe1 Re8 28. Re5 Qd6 29. Rg5 Qc7 30. Ne5 Rd6 31. Qg6 Rf8 32. Nf3 b6 33. Rge5 Qf7 34. Qc2 Qd7 35. R5e2 Re8 36. Ne5 Qa7 37. Re3 Red8 38. Nf3 Qd7 39. a3 Rd1 40. Ng5 Rxe1+ 41. Rxe1 Qd2 42. Qxd2 Rxd2 43. Rxe6 Rb2 44. Rc6 Kf8 45. Rc7 Rb3 46. Ne6+ Ke8 47. Nxg7+ Kf8 48. Ne6+ Ke8 49. g4 Rxa3 50. g5 Ne4 51. Ng7+ Kd8 52. Ne6+ Ke8 53. g6 Ra1+ 54. Kg2 Ra2 55. g7 Nf6 56. h4 a3 57. h5 Ra1 58. h6 a2 59. h7 Rg1+ 60. Kxg1 a1=Q+ 61. Kg2 Qa8+ 62. Kh2 Ng4+ 63. Kg3 Qa3+ 64. Kxg4 1-0

[Event "NIC Classic Prelim"]
[Site "chess24.com INT"]
[Date "2021.04.25"]
[Round "9"]
[White "Mamedyarov, Shakhriyar"]
[Black "Dominguez Perez, Leinier"]
[Result "1-0"]
[WhiteElo "2770"]
[BlackElo "2758"]
[PlyCount "63"]
[EventDate "2021.04.24"]
[EventType "tourn (rapid)"]
[EventRounds "15"]
[EventCountry "GER"]
[SourceTitle "CBM 202"]
[Source "ChessBase"]
[SourceDate "2021.05.27"]
[SourceVersion "1"]
[SourceVersionDate "2021.05.27"]
[SourceQuality "1"]

1. Nf3 Nf6 2. g3 c5 3. Bg2 Nc6 4. O-O e5 5. d3 d5 6. Nbd2 Be7 7. c3 O-O 8. e4 d4 9. Nc4 Qc7 10. cxd4 ({RR} 10. Nh4 b5 11. Na3 Rb8 12. f4 Bg4 13. Bf3 Bd7 14. Nc2 Rbd8 15. Bg2 Bc8 16. Nf3 dxc3 17. bxc3 Nxe4 18. Qe1 Nf6 19. fxe5 Nd5 20. Bb2 Be6 {½-½ (20) Agustsson,H (1763)-Krueger,N (2032) St James GCI 2024}) 10... cxd4 11. Qc2 ({RR} 11. a4 Be6 12. b3 a6 13. a5 Bxc4 14. bxc4 Nxa5 15. Nh4 g6 16. f4 Nc6 17. f5 b5 18. cxb5 axb5 19. Rxa8 Rxa8 20. Bg5 Ne8 21. f6 Bf8 22. Nf5 gxf5 23. exf5 Qd7 24. h3 b4 25. Re1 Rb8 {Movsesian,S (2723)-Carlsen,M (2775) Moscow 2008 0-1 (46)}) 11... Qb8 12. Bd2 Bg4 $146 ({RR} 12... Be6 13. Ng5 Bd7 14. f4 Ng4 15. Nf3 b5 16. Ncxe5 {½-½ (16) Bricard,E (2506)-Horvath,J (2526) Bischwiller 1999}) 13. h3 Be6 14. Ng5 Bd7 15. f4 Nh5 16. fxe5 b5 17. Nd6 Nxe5 18. Ndxf7 Nxf7 19. Nxf7 Be6 20. g4 Rxf7 21. gxh5 Qe5 22. Rxf7 Bxf7 23. Rf1 Qxh5 24. Qc7 Qc5 25. Rc1 Qxc7 26. Rxc7 Bd8 27. Rc6 Bb6 28. a3 Re8 29. Bf4 Be6 30. h4 Kf7 31. h5 Rc8 32. Rxe6 1-0

[Event "Titled Tuesday intern op 27th Apr"]
[Site "Chess.com INT"]
[Date "2021.04.27"]
[Round "11"]
[White "Zhigalko, Sergei"]
[Black "Kuzubov, Yuriy"]
[Result "1-0"]
[WhiteElo "2572"]
[BlackElo "2642"]
[PlyCount "75"]
[EventDate "2021.04.27"]
[EventType "swiss (blitz)"]
[EventRounds "11"]
[EventCountry "USA"]
[SourceTitle "CBM 202 Extra"]
[Source "ChessBase"]
[SourceDate "2021.07.31"]
[SourceVersion "1"]
[SourceVersionDate "2021.06.30"]
[SourceQuality "1"]

1. e4 c5 2. Nf3 d6 3. d3 g6 4. g3 Bg7 5. Bg2 Nc6 6. O-O Nf6 7. Re1 O-O 8. c3 e5 9. a4 a6 ({RR} 9... h6 10. Na3 d5 11. exd5 Nxd5 12. Nc4 Re8 13. a5 Rb8 14. Qa4 Bf5 15. Nfd2 Bxd3 16. Ne4 Bxe4 17. Bxe4 Re7 18. Ne3 Nf6 19. Bxc6 bxc6 20. Qxc6 Rc8 21. Qa4 e4 22. Rd1 Rd7 23. Rxd7 Qxd7 24. Qxd7 {Grischuk,A (2759)-Cheparinov,I (2670) Douglas 2019 1-0 (42)}) ({RR} 9... Re8 10. Na3 Bg4 11. Bg5 Qd7 12. Nc4 h6 13. Be3 Rad8 14. a5 Be6 15. Nfd2 d5 16. exd5 Bxd5 17. Bxd5 Qxd5 18. Qf3 Qxd3 19. Bxc5 Qxf3 20. Nxf3 Rd5 21. Be3 Ng4 22. a6 b6 23. Bc1 e4 24. h3 {Bortnyk,O (2601)-Rakhmatullaev,A (2413) chess.com INT 2025 1-0 (44)}) 10. Na3 Rb8 11. Bg5 $146 ({RR} 11. d4 exd4 12. cxd4 Bg4 13. dxc5 dxc5 14. Bf4 Rc8 15. Bd6 Re8 16. e5 Nd7 17. Qd5 Bxf3 18. Bxf3 Ndxe5 19. Bg2 Nb4 20. Qd1 Nbd3 21. Bxe5 Nxe1 22. Bxg7 Kxg7 23. Bxb7 Rb8 24. Qxd8 Rexd8 25. Bxa6 Nd3 {Oppici,G (1967)-Zenari,M (2152) Verona 2019 0-1 (58)}) 11... h6 12. Bxf6 Bxf6 13. Nc4 b5 14. axb5 axb5 15. Ne3 Bg7 16. h4 h5 17. Ng5 f6 18. Nf3 Be6 19. d4 cxd4 20. cxd4 Nxd4 21. Nxd4 exd4 22. Nd5 Bxd5 23. exd5 Re8 24. Re6 Qd7 25. Qb3 Kh7 26. Ra6 Qc7 27. Rc6 Qa5 28. Rcxd6 Qa4 29. Qf3 d3 30. Qxd3 Qa1+ 31. Kh2 Qxb2 32. Qe3 Rxe6 33. dxe6 Re8 34. e7 Bh6 35. Qe6 Qe5 36. Qf7+ Bg7 37. Qxe8 Qxd6 38. Qf7 1-0

[Event "RUS-chT 28th"]
[Site "Sochi"]
[Date "2021.05.01"]
[Round "1.3"]
[White "Afanasiev, Nikita"]
[Black "Tregubov, Pavel V"]
[Result "1-0"]
[WhiteElo "2522"]
[BlackElo "2560"]
[PlyCount "107"]
[EventDate "2021.05.01"]
[EventType "tourn"]
[EventRounds "9"]
[EventCountry "RUS"]
[SourceTitle "CBM 202"]
[Source "ChessBase"]
[SourceDate "2021.05.27"]
[SourceVersion "1"]
[SourceVersionDate "2021.05.27"]
[SourceQuality "1"]
[WhiteTeam "Moscow Botvinnik School"]
[BlackTeam "Moscow Gogolevsky 14"]
[WhiteTeamCountry "RUS"]
[BlackTeamCountry "RUS"]

1. Nf3 Nf6 2. g3 c5 3. Bg2 Nc6 4. O-O e5 5. e4 g6 6. c3 d6 7. d4 cxd4 8. cxd4 Bg4 9. d5 $146 ({RR} 9. dxe5 dxe5 10. Nc3 Bg7 11. h3 Bxf3 12. Qxd8+ Rxd8 13. Bxf3 O-O 14. Kg2 Nd4 15. Bg5 h6 16. Bxf6 Bxf6 17. Nd5 Rd6 18. Rac1 Bd8 19. Rfd1 Kg7 20. Ne3 Ra6 21. a3 h5 22. Nc4 Bf6 23. h4 Rc8 {Firouzja,A (2728)-Carlsen,M (2863) Stavanger 2020 0-1 (69)}) ({RR} 9. dxe5 dxe5 10. Nc3 Bg7 11. h3 Bxf3 12. Qxd8+ Rxd8 13. Bxf3 O-O 14. Kg2 Nd4 15. Bg5 h6 16. Bxf6 Bxf6 17. Nd5 Rd6 18. Rac1 Bd8 19. Rfd1 Kg7 20. Ne3 Ra6 21. a3 h5 22. Nc4 Bf6 23. h4 Rc8 {Firouzja,A (2728)-Carlsen,M (2863) Stavanger 2020 0-1 (69)}) 9... Nd4 10. Be3 Bg7 11. Nbd2 O-O 12. Qb1 Nd7 13. Bg5 f6 14. Be3 Nxf3+ 15. Bxf3 Bh3 16. Bg2 Bxg2 17. Kxg2 f5 18. f3 Rc8 19. Qd3 Nc5 20. Bxc5 Rxc5 21. Rac1 Rxc1 22. Rxc1 Bh6 23. exf5 gxf5 24. Rc2 Qd7 25. Nc4 Rc8 26. b3 Rc5 27. a4 a6 28. Kf1 Rc7 29. Nb6 Qf7 30. a5 e4 31. Rxc7 exd3 32. Rxf7 Kxf7 33. Nc8 Bd2 34. Nxd6+ Kf6 35. Nc4 Bc3 36. Kf2 Bd4+ 37. Ke1 Bc3+ 38. Kd1 h5 39. h3 Ke7 40. g4 hxg4 41. hxg4 fxg4 42. fxg4 Kf6 43. d6 Ke6 44. g5 Kd7 45. g6 Ke6 46. Kc1 Kd7 47. Nd2 Bg7 48. Ne4 Bh6+ 49. Kd1 Ke6 50. Ng3 Bg5 51. g7 Kf7 52. Nf5 Bd8 53. d7 Bxa5 54. Nd6+ 1-0